| 000 | 00908nam a22002777a 4500 | ||
|---|---|---|---|
| 001 | BR7375692 | ||
| 003 | BR-BrBNA | ||
| 005 | 20230928084435.0 | ||
| 007 | ta | ||
| 008 | 230509b bl.||||| |||| 00| 0 por d | ||
| 040 |
_aBR-BrBNA _bpor _cBiblioteca Nacional de Agricultura |
||
| 041 | _a(Por) | ||
| 072 |
_aE10 _b/G514 |
||
| 090 | _ E10 BR7375692 | ||
| 100 | 1 | _aEttori, O.J.T. | |
| 110 | 1 |
_aGrupo Executivo de Coordenacao do Credito Rural, Sao Paulo, SP (Brasil) _95469 |
|
| 245 | 1 |
_aFundamentos de organizacao e administracao de empresas rurais [Brasil] _b1. Curso Nacional de Credito Rural |
|
| 260 | 3 |
_aSao Paulo, SP (Brasil): _c1962. |
|
| 300 | _a61 p. | ||
| 500 | _a(*) Documento disponível no(a) Instituto de Economia Agricola, Sao Paulo, SP (Brazil) | ||
| 650 | _aCREDITO RURAL | ||
| 650 | _aRENDA | ||
| 650 | _aCUSTO DE PRODUCAO | ||
| 909 |
_a202309 _bLucia _c55 _dLucia Elande |
||
| 942 | _cBK | ||
| 999 |
_c18971 _d18971 |
||